| 000 | 01724cam a22004335a 4500 | ||
|---|---|---|---|
| 001 | 12913419 | ||
| 003 | EG-ScBUE | ||
| 005 | 20220911103649.0 | ||
| 008 | 020823t2013 gw a f bd 001 0deng d | ||
| 020 | _a9783836528160 (v. 4) | ||
| 040 |
_aDLC _beng _erda _cDLC _dDLC _dEG-ScBUE _dEG-ScBUE |
||
| 041 | 0 |
_aeng _afre _ager |
|
| 082 | 0 | 4 |
_a709.05 _bART _222 |
| 245 | 0 | 0 |
_aArt now. _nvolume 4 / _c[edited by Hans Werner Holzwarth ; texts by John Beeson [and fifteenth others] ; English translation by Christopher Cordy, Tim Connell ; German translation by Bernhard Geyer, Bram Opstelten ; French translation by Jacques Bosser, Wolf Fruhtrunk] |
| 246 | 3 | 4 |
_aArt now : _ba cutting-edge selection of today's most exciting artists |
| 264 | 1 |
_aKöln ; _bTaschen, _c[2013] |
|
| 264 | 4 | _cc2013 | |
| 300 |
_a575 pages : _billustrations (some color) ; _c27 cm |
||
| 336 |
_2rdacontent _atext _btxt |
||
| 337 |
_2rdamedia _aunmediated _bn |
||
| 338 |
_2rdacarrier _avolume _bnc |
||
| 500 | _aIncludes glossary. | ||
| 504 | _aIncludes bibliographical references and index. | ||
| 546 | _aText in English, French, and German. | ||
| 650 | 7 |
_aArt movements _xHistory _y20th century. _2BUEsh |
|
| 650 | 7 |
_aArtists _vBiography. _2BUEsh |
|
| 651 | _2BUEsh | ||
| 653 |
_bCOMAME _cJune2015 _cFebruary2016 |
||
| 655 |
_vReading book _934232 |
||
| 700 | 1 |
_aHolzwarth, Hans Werner, _eeditor. |
|
| 700 | 1 |
_aBeeson, John, _eeditor. _935845 |
|
| 700 | 1 |
_aCordy, Christopher, _etranslator. |
|
| 700 | 1 |
_aConnell, Tim, _etranslator. _941551 |
|
| 700 | 1 |
_aGeyer, Bernhard, _etranslator. |
|
| 700 | 1 |
_aOpstelten, Bram, _etranslator. |
|
| 700 | 1 |
_aBosser, Jacques, _etranslator. |
|
| 700 | 1 |
_aFruhtrunk, Wolf, _etranslator. |
|
| 942 |
_2ddc _cBB |
||
| 999 |
_c19786 _d19758 |
||